[Event "Minsk Open 2014"]
[Site "Minsk BLR"]
[Date "2014.07.18"]
[Round "3.3"]
[White "Poley, Vladimir"]
[Black "Kovalev, Vladislav"]
[Result "0-1"]
[WhiteTitle "IM"]
[BlackTitle "GM"]
[WhiteElo "2279"]
[BlackElo "2554"]
[WhiteFideId "13500090"]
[BlackFideId "13504398"]
[EventDate "2014.07.16"]

1. Nf3 g6 2. g3 Bg7 3. Bg2 Nf6 4. O-O O-O 5. c4 d5 6. cxd5 Nxd5 7. d4 Nb6 8. Nc3
Nc6 9. e3 Re8 10. Re1 a5 11. h3 a4 12. a3 Be6 13. Ne4 Bb3 14. Qe2 e5 15. dxe5
Bc4 16. Qd2 Nxe5 17. Nxe5 Rxe5 18. f4 Re7 19. Qf2 Bd5 20. Qc2 f5 21. Ng5 Bxg2
22. Kxg2 Qd5+ 23. Nf3 Rd8 24. Rb1 Qd3 25. Re2 Qb3 26. Qc5 Rde8 27. Kf2 Nd5 28.
Nd4 Qa2 29. Ra1 Qxa1 30. Qxd5+ Kh8 31. Rc2 Qb1 32. g4 b6 33. Qc4 c5 34. Nb5 Re4
35. Qd3 c4 36. Qd1 Rxe3 37. Nd6 Re1 38. Qd2 R1e2+ 39. Qxe2 Bd4+ 40. Be3 Rxe3 41.
Qxc4 Qe1+ 42. Kg2 Rg3+ 0-1

[Event "Minsk Open 2014"]
[Site "Minsk BLR"]
[Date "2014.07.18"]
[Round "3.4"]
[White "Lintchevski, Daniil"]
[Black "Nikitenko, Mihail"]
[Result "1-0"]
[WhiteTitle "GM"]
[WhiteElo "2553"]
[BlackElo "2258"]
[WhiteFideId "4171055"]
[BlackFideId "13506862"]
[EventDate "2014.07.16"]

1. Nf3 Nf6 2. c4 c6 3. d4 d5 4. e3 e6 5. Nbd2 Nbd7 6. Bd3 Bd6 7. e4 dxe4 8. Nxe4
Nxe4 9. Bxe4 Bb4+ 10. Bd2 Bxd2+ 11. Qxd2 O-O 12. O-O-O Nf6 13. Bc2 b5 14. c5 Nd5
15. h4 Bd7 16. Rde1 Be8 17. Ng5 g6 18. Ne4 f6 19. Nd6 Qe7 20. Qh6 f5 21. Bb3 Nc7
22. h5 Rf6 23. Qg5 Qg7 24. h6 Qf8 25. Qg3 Qe7 26. Re2 a5 27. a3 Kh8 28. Rhe1 Rd8
29. Kb1 Ra8 30. Ka1 Rd8 31. Ba2 Kg8 32. Qg5 Kf8 33. Qg3 Bf7 34. Qe5 Bg8 35. f3
Ne8 36. Nxe8 Kxe8 37. g4 fxg4 38. fxg4 b4 39. a4 Rd7 40. Bc4 Rb7 41. Re3 Rc7 42.
g5 Rf5 43. Qh2 Kf8 44. Bxe6 Bxe6 45. Rxe6 Qd7 46. Qg3 Rc8 47. Qe3 b3 48. Re7 Qd8
49. Rxh7 Kg8 50. Rg7+ Kh8 51. Qxb3 Qxg5 52. Qb7 Qxh6 53. Rxg6 Qxg6 54. Qxc8+ Kg7
55. Qc7+ Rf7 56. Qe5+ Kg8 57. Qe6 Qg2 58. Re4 Qh1+ 59. Ka2 Qh5 60. Rf4 1-0

[Event "Minsk Open 2014"]
[Site "Minsk BLR"]
[Date "2014.07.18"]
[Round "3.5"]
[White "Omelja, Artem"]
[Black "Nosenko, Alexander"]
[Result "0-1"]
[BlackTitle "GM"]
[WhiteElo "2253"]
[BlackElo "2508"]
[WhiteFideId "14119846"]
[BlackFideId "14100690"]
[EventDate "2014.07.16"]

1. d4 Nf6 2. c4 e6 3. Nc3 c5 4. d5 exd5 5. cxd5 Bd6 6. Bg5 O-O 7. e3 Re8 8. Bc4
a6 9. a4 h6 10. Bh4 Be5 11. Nf3 Bxc3+ 12. bxc3 d6 13. Nd2 Nbd7 14. O-O Ne5 15.
f3 Bd7 16. e4 b5 17. axb5 axb5 18. Bb3 Qe7 19. Bc2 Ng6 20. Bg3 Nh5 21. f4 Nxg3
22. hxg3 Qf6 23. Rxa8 Rxa8 24. e5 dxe5 25. f5 Ne7 26. Ne4 Qb6 27. f6 c4+ 28. Kh2
Nf5 29. Qg4 g6 30. Re1 Ra2 31. Qh3 Rxc2 32. g4 Nd6 33. Qxh6 Ne8 34. Ra1 Qb7 35.
Kg3 Qxd5 36. Rh1 Qd3+ 0-1

[Event "Minsk Open 2014"]
[Site "Minsk BLR"]
[Date "2014.07.18"]
[Round "3.6"]
[White "Harshkou, Mikita"]
[Black "Podolchenko, Evgeniy"]
[Result "1/2-1/2"]
[BlackTitle "GM"]
[WhiteElo "2239"]
[BlackElo "2426"]
[WhiteFideId "13504770"]
[BlackFideId "13504134"]
[EventDate "2014.07.16"]

1. d4 d5 2. c4 c6 3. cxd5 cxd5 4. Nc3 Nf6 5. Bf4 Nc6 6. e3 a6 7. Bd3 Bg4 8. f3
Bh5 9. Qb3 Ra7 10. Rc1 e6 11. Nge2 Bg6 12. Bxg6 hxg6 13. O-O Bd6 14. Na4 g5 15.
Bg3 Bxg3 16. hxg3 Nd7 1/2-1/2

[Event "Minsk Open 2014"]
[Site "Minsk BLR"]
[Date "2014.07.18"]
[Round "3.7"]
[White "Maslov, Ivan"]
[Black "Ponomarev, Dmitry"]
[Result "1-0"]
[BlackTitle "IM"]
[WhiteElo "2202"]
[BlackElo "2416"]
[WhiteFideId "24169820"]
[BlackFideId "24112046"]
[EventDate "2014.07.16"]

1. d4 Nf6 2. c4 b6 3. Nf3 e6 4. g3 Bb7 5. Bg2 g6 6. O-O Bg7 7. Nc3 Ne4 8. Nxe4
Bxe4 9. Bg5 Qc8 10. Qd2 h6 11. Be3 d6 12. Rac1 a5 13. Rfd1 Nd7 14. b3 Nf6 15. c5
Qa6 16. cxd6 cxd6 17. Ne1 Bxg2 18. Nxg2 O-O 19. Bf4 Qb5 20. f3 Rfd8 21. g4 e5
22. Bxh6 Bxh6 23. Qxh6 Qxe2 24. Nh4 Nh7 25. Rd2 Qb5 26. Rc7 Rd7 27. Nf5 gxf5 28.
gxf5 Ng5 29. Qxg5+ Kf8 30. Rxd7 Qxd7 31. Qh6+ Ke7 32. f6+ Kd8 33. Qf8+ Qe8 34.
Qxd6+ Qd7 35. Qxb6+ Qc7 36. dxe5+ Kc8 37. Qxc7+ Kxc7 38. Kf2 a4 39. Ke3 1-0

[Event "Minsk Open 2014"]
[Site "Minsk BLR"]
[Date "2014.07.18"]
[Round "3.8"]
[White "Filipets, Egor"]
[Black "Grib, Roman"]
[Result "0-1"]
[BlackTitle "FM"]
[WhiteElo "2181"]
[BlackElo "2409"]
[WhiteFideId "13503928"]
[BlackFideId "13506706"]
[EventDate "2014.07.16"]

1. d4 d5 2. Nf3 Nf6 3. Bf4 g6 4. e3 Bg7 5. c4 O-O 6. Nc3 c5 7. Be5 cxd4 8. Nxd4
Nbd7 9. Bg3 Nc5 10. Be5 Nce4 11. Nxe4 Nxe4 12. Bxg7 Qa5+ 13. Ke2 Kxg7 14. Nb3
Qc7 15. Rc1 dxc4 16. Qd4+ Nf6 17. Rxc4 Qb8 18. f3 e5 19. Qd2 Be6 20. Rc1 Rd8 21.
Qe1 Qd6 22. Kf2 Bxb3 23. axb3 Qd2+ 24. Qxd2 Rxd2+ 25. Be2 Rxb2 26. Rc7 Rxb3 27.
Bc4 Rb2+ 28. Kg3 Rf8 29. Ra1 a6 30. Ra5 Rc2 31. Rac5 b5 32. Bb3 Rxc5 33. Rxc5
Rd8 34. Rc6 Rd3 35. Bc2 Ra3 36. Rb6 Nd5 37. Rb7 Nxe3 38. Be4 Nf5+ 0-1

[Event "Minsk Open 2014"]
[Site "Minsk BLR"]
[Date "2014.07.18"]
[Round "3.9"]
[White "Kupreichik, Viktor D"]
[Black "Leinov, Roman"]
[Result "1-0"]
[WhiteTitle "GM"]
[WhiteElo "2405"]
[BlackElo "2176"]
[WhiteFideId "13500066"]
[BlackFideId "13504649"]
[EventDate "2014.07.16"]

1. e4 c5 2. Nf3 g6 3. d4 cxd4 4. Nxd4 Bg7 5. c4 Nc6 6. Be3 Nf6 7. Nc3 Ng4 8.
Qxg4 Bxd4 9. Bxd4 Nxd4 10. O-O-O d6 11. Qg3 e5 12. f4 f6 13. fxe5 fxe5 14. c5
Qc7 15. Bb5+ Bd7 16. cxd6 Qxd6 17. Rxd4 Qxd4 18. Rd1 Qc5 19. b4 1-0

[Event "Minsk Open 2014"]
[Site "Minsk BLR"]
[Date "2014.07.18"]
[Round "3.10"]
[White "Siagodnik, Anton"]
[Black "Meribanov, Vitaly"]
[Result "0-1"]
[WhiteTitle "FM"]
[BlackTitle "IM"]
[WhiteElo "2157"]
[BlackElo "2380"]
[WhiteFideId "13505963"]
[BlackFideId "13504363"]
[EventDate "2014.07.16"]

1. g3 e5 2. Bg2 Nf6 3. c4 Nc6 4. Nc3 Bb4 5. Nd5 Bc5 6. d3 Nxd5 7. cxd5 Ne7 8.
Nf3 d6 9. d4 Bb4+ 10. Bd2 Bxd2+ 11. Nxd2 f6 12. Rc1 Bd7 13. O-O O-O 14. Qb3 b6
15. Qc4 Rc8 16. dxe5 fxe5 17. Qa6 Nf5 18. Nb3 Rf7 19. Rc2 Qe8 20. Qxa7 Bb5 21.
Rfc1 Ra8 22. Qb7 Rb8 23. Qa7 c5 24. Qa3 Ra8 25. Na5 Rxa5 26. Qc3 Nd4 27. b4 Ra8
28. bxc5 bxc5 0-1

[Event "Minsk Open 2014"]
[Site "Minsk BLR"]
[Date "2014.07.18"]
[Round "3.11"]
[White "Lutsko, Igor"]
[Black "Maksimov, Dmitri"]
[Result "1-0"]
[WhiteTitle "GM"]
[WhiteElo "2355"]
[BlackElo "2116"]
[WhiteFideId "13500716"]
[BlackFideId "24162477"]
[EventDate "2014.07.16"]

1. c4 Nf6 2. Nc3 e6 3. d4 c5 4. e3 cxd4 5. exd4 d5 6. Nf3 Nc6 7. cxd5 Nxd5 8.
Bc4 Be7 9. O-O O-O 10. Qe2 Bf6 11. Rd1 Nxc3 12. bxc3 Qe7 13. Qe4 Rd8 14. h4 h5
15. Bg5 Bd7 16. Re1 Bxg5 17. Nxg5 g6 18. d5 exd5 19. Bxd5 Qxe4 20. Bxf7+ Kg7 21.
Rxe4 Bf5 22. Re3 Rd2 23. Rae1 a5 24. Be8 Rxa2 25. Bxc6 bxc6 26. Re7+ Kg8 27. Rb7
a4 28. Nh7 g5 29. Nf6+ Kf8 30. Ree7 Bg6 31. Rg7 1-0

[Event "Minsk Open 2014"]
[Site "Minsk BLR"]
[Date "2014.07.18"]
[Round "3.12"]
[White "Talma, Sergei"]
[Black "Gagarin, Vasilij"]
[Result "1/2-1/2"]
[BlackTitle "IM"]
[WhiteElo "1982"]
[BlackElo "2312"]
[WhiteFideId "13511092"]
[BlackFideId "4103610"]
[EventDate "2014.07.16"]

1. d4 d5 2. c4 c6 3. Nc3 Nf6 4. Nf3 e6 5. cxd5 exd5 6. Qc2 Na6 7. a3 g6 8. Bg5
Be7 9. e3 Bf5 10. Bd3 Bxd3 11. Qxd3 O-O 12. h4 c5 13. Rd1 c4 14. Qc2 Nc7 15. Bh6
Re8 16. Ne5 Nd7 17. Nf3 Bf8 18. Bxf8 Nxf8 19. h5 Nfe6 20. hxg6 hxg6 21. Kd2 Kg7
22. Kc1 b5 23. Ne5 Rh8 24. f4 Qd6 25. f5 Ng5 26. Rhf1 a5 27. f6+ Kf8 28. Nxg6+
fxg6 29. Qxg6 Rg8 30. Qh6+ Kf7 31. Rf5 Qg3 32. Re5 Nce6 33. Qh5+ Rg6 34. Nxd5 c3
35. bxc3 Rg8 36. Ne7 Kxf6 37. Nxg6 Rxg6 38. Qh8+ Ke7 39. Qb8 Qxg2 40. d5 Qa2 41.
dxe6 Qxa3+ 42. Kc2 Qa2+ 43. Kc1 Qa3+ 44. Kc2 1/2-1/2

[Event "Minsk Open 2014"]
[Site "Minsk BLR"]
[Date "2014.07.19"]
[Round "4.1"]
[White "Aleksandrov, Aleksej"]
[Black "Kupreichik, Viktor D"]
[Result "1-0"]
[WhiteTitle "GM"]
[BlackTitle "GM"]
[WhiteElo "2569"]
[BlackElo "2405"]
[WhiteFideId "13500139"]
[BlackFideId "13500066"]
[EventDate "2014.07.16"]

1. d4 d5 2. c4 c6 3. Nc3 dxc4 4. e3 Be6 5. Nf3 b5 6. a4 b4 7. Ne2 Nf6 8. Bd2 Qa5
9. Qc2 Bd5 10. Ng3 Bxf3 11. gxf3 e6 12. Qxc4 Be7 13. Ne4 Nfd7 14. Be2 O-O 15.
O-O c5 16. Nxc5 Bxc5 17. dxc5 Nc6 18. Rfd1 Rab8 19. Be1 Qc7 20. a5 Rfd8 21. a6
Nce5 22. Qf4 Qxc5 23. Rac1 Qb6 24. Qd4 Nc6 25. Qxb6 Rxb6 26. Bb5 Rxb5 27. Rxc6
Kf8 28. Rc7 Ke8 29. Rxa7 Ne5 30. Rxd8+ Kxd8 31. f4 Nc6 32. Rxf7 Ra5 33. a7 Kc8
34. Rxg7 1-0

[Event "Minsk Open 2014"]
[Site "Minsk BLR"]
[Date "2014.07.19"]
[Round "4.2"]
[White "Grib, Roman"]
[Black "Fedorov, Alexei"]
[Result "0-1"]
[WhiteTitle "FM"]
[BlackTitle "GM"]
[WhiteElo "2409"]
[BlackElo "2569"]
[WhiteFideId "13506706"]
[BlackFideId "13500465"]
[EventDate "2014.07.16"]

1. e4 c5 2. Nf3 Nc6 3. Bb5 e6 4. Bxc6 bxc6 5. d3 Ne7 6. Qe2 d5 7. O-O Ng6 8. Nc3
Bd6 9. Re1 O-O 10. b3 f6 11. Na4 e5 12. c4 d4 13. h3 Rf7 14. Qd2 Nf4 15. h4 Bg4
16. Nh2 Bd7 17. g3 Ne6 18. Qe2 Qc7 19. Nf1 Raf8 20. Rb1 Kh8 21. a3 Qc8 22. Nd2
g5 23. Nf3 Rg8 24. h5 Nf4 25. gxf4 gxf4+ 26. Kh2 Bg4 27. Rg1 Rfg7 28. Bxf4 exf4 0-1

[Event "Minsk Open 2014"]
[Site "Minsk BLR"]
[Date "2014.07.19"]
[Round "4.3"]
[White "Kovalev, Vladislav"]
[Black "Lutsko, Igor"]
[Result "0-1"]
[WhiteTitle "GM"]
[BlackTitle "GM"]
[WhiteElo "2554"]
[BlackElo "2355"]
[WhiteFideId "13504398"]
[BlackFideId "13500716"]
[EventDate "2014.07.16"]

1. e4 c5 2. Nf3 d6 3. d4 cxd4 4. Nxd4 Nf6 5. Nc3 a6 6. Qd3 e6 7. Qg3 b5 8. Bd3
Bb7 9. a3 Nbd7 10. O-O g6 11. Be3 Be7 12. Rae1 Ne5 13. Kh1 Nfg4 14. Be2 h5 15.
Qh3 Nxe3 16. Qxe3 g5 17. Ncxb5 axb5 18. Bxb5+ Kf8 19. f4 Ng4 20. Qc3 Kg8 21. Qb3
Qb6 22. Nxe6 Bc8 23. Nxg5 Bxg5 24. Qd5 Bh4 25. Qxa8 Bxe1 26. Qxc8+ Kg7 27. Qf5
Nf2+ 28. Rxf2 Bxf2 29. Bc4 Qc7 30. Qg5+ Kf8 31. Bd5 Qe7 32. Qxe7+ Kxe7 33. g3
Be3 34. a4 h4 35. Kg2 h3+ 36. Kf1 Rb8 37. b3 Rb4 38. Bc4 f6 39. a5 Rb8 40. a6
Kd7 41. Bd5 Kc7 42. Ke2 Bg1 43. Kf1 Bc5 44. Be6 Rh8 45. Bd5 Kb6 46. Bc4 Bd4 47.
b4 Rc8 48. Bd3 Rc3 49. Ke2 Ra3 50. Kf3 Bg1 51. Kg4 Bxh2 52. Kxh3 Bg1 53. Kg4 Bf2
54. Kf3 Be1 55. b5 Bc3 56. Kg4 Be1 57. Kf3 Ra1 58. g4 Bd2 59. e5 dxe5 60. fxe5
fxe5 61. Ke4 Bc3 62. Kf5 Ra4 63. Be4 Bd2 64. Kxe5 Kxb5 65. Bd3+ Kc5 66. Be2 Ra1
67. Kf5 Ra5 68. Ke6 Be3 69. Kf6 Kd6 70. Bd3 Bd4+ 71. Kf7 Rg5 72. Bf5 Rg7+ 73.
Kf8 Ra7 74. Bd3 Be3 75. Kg8 Ke6 76. Bc4+ Kf6 77. Be2 Bh6 78. Bb5 Bg7 79. Kh7
Bf8+ 80. Kg8 Bc5 81. Be2 Bd4 82. c3 Ra8+ 83. Kh7 Be5 84. Bf3 Rxa6 0-1

[Event "Minsk Open 2014"]
[Site "Minsk BLR"]
[Date "2014.07.19"]
[Round "4.4"]
[White "Meribanov, Vitaly"]
[Black "Lintchevski, Daniil"]
[Result "1/2-1/2"]
[WhiteTitle "IM"]
[BlackTitle "GM"]
[WhiteElo "2380"]
[BlackElo "2553"]
[WhiteFideId "13504363"]
[BlackFideId "4171055"]
[EventDate "2014.07.16"]

1. e4 c5 2. Nf3 Nf6 3. Nc3 Nc6 4. Bb5 Qc7 5. O-O Nd4 6. Re1 a6 7. Bf1 Ng4 8. g3
Nxf3+ 9. Qxf3 Ne5 10. Qe2 e6 11. Bg2 d6 12. d3 g6 13. f4 Nc6 14. e5 d5 15. Nd1
b6 16. c3 Bb7 17. Be3 O-O-O 18. d4 Kb8 19. Nf2 Be7 20. Rec1 c4 21. b3 Na5 22.
Qb2 h5 1/2-1/2

[Event "Minsk Open 2014"]
[Site "Minsk BLR"]
[Date "2014.07.19"]
[Round "4.5"]
[White "Nosenko, Alexander"]
[Black "Maslov, Ivan"]
[Result "1-0"]
[WhiteTitle "GM"]
[WhiteElo "2508"]
[BlackElo "2202"]
[WhiteFideId "14100690"]
[BlackFideId "24169820"]
[EventDate "2014.07.16"]

1. d4 d5 2. c4 c6 3. Nf3 Nf6 4. e3 g6 5. Nc3 Bg7 6. h3 O-O 7. Be2 c5 8. dxc5 Qa5
9. O-O dxc4 10. Bxc4 Qxc5 11. Qe2 Nc6 12. e4 e5 13. Be3 Nd4 14. Bxd4 exd4 15.
Nb5 Nh5 16. Rac1 Qb6 17. Rfd1 Bh6 18. Rc2 Ng3 19. Qd3 Nxe4 20. Nfxd4 Nc5 21. Qg3
Ne6 22. Nf5 Bf4 23. Ne7+ Kh8 24. Qc3+ f6 25. Nd5 Qd8 26. Qf3 Be5 27. Ndc7 Ng5
28. Qe2 Qe7 29. Nxa8 Bf5 30. Bd3 Bxd3 31. Rxd3 Ne6 32. g3 Rxa8 33. f4 Qb4 34.
fxe5 1-0

[Event "Minsk Open 2014"]
[Site "Minsk BLR"]
[Date "2014.07.19"]
[Round "4.6"]
[White "Gagarin, Vasilij"]
[Black "Stupak, Kirill"]
[Result "0-1"]
[WhiteTitle "IM"]
[BlackTitle "GM"]
[WhiteElo "2312"]
[BlackElo "2499"]
[WhiteFideId "4103610"]
[BlackFideId "13503758"]
[EventDate "2014.07.16"]

1. d4 g6 2. c4 Bg7 3. Nf3 d6 4. Nc3 e5 5. g3 exd4 6. Nxd4 Nc6 7. Nxc6 bxc6 8.
Bg2 Ne7 9. O-O O-O 10. Qc2 Bf5 11. e4 Be6 12. c5 Qb8 13. cxd6 cxd6 14. Bf4 Qb4
15. Rfd1 Rfd8 16. Rd2 Rd7 17. Rad1 Rad8 18. a3 Qb3 19. Qc1 d5 20. Bg5 d4 21.
Bxe7 Rxe7 22. Ne2 Qb6 23. Nf4 Bb3 24. Re1 Bh6 25. Bf1 Rde8 26. f3 Re5 27. Bd3 c5
28. Bc4 Bxc4 29. Qxc4 Qf6 30. Rf2 Bxf4 31. gxf4 Qxf4 32. Qc1 Rg5+ 33. Rg2 Rxg2+
34. Kxg2 Qe5 35. b3 d3 36. Qd2 Qd4 37. Rc1 f5 38. Rc4 Qd6 39. b4 fxe4 40. fxe4
Rd8 41. bxc5 Qe6 42. Rc1 Qxe4+ 43. Kg1 Qg4+ 44. Kh1 Qf3+ 45. Kg1 Rd4 46. Qa2+
Kg7 47. Qb2 Qe3+ 48. Kg2 d2 49. Rd1 Kh6 0-1

[Event "Minsk Open 2014"]
[Site "Minsk BLR"]
[Date "2014.07.19"]
[Round "4.7"]
[White "Podolchenko, Evgeniy"]
[Black "Trifonov, Denis"]
[Result "1/2-1/2"]
[WhiteTitle "GM"]
[BlackTitle "FM"]
[WhiteElo "2426"]
[BlackElo "2214"]
[WhiteFideId "13504134"]
[BlackFideId "13501313"]
[EventDate "2014.07.16"]

1. b3 c5 2. Bb2 Nc6 3. e3 Nf6 4. Nf3 d6 5. Bb5 a6 6. Bxc6+ bxc6 7. d3 e5 8. Nbd2
Be7 9. h3 O-O 10. O-O Rb8 11. Re1 Nd5 12. d4 cxd4 13. exd4 f6 14. Nc4 1/2-1/2

[Event "Minsk Open 2014"]
[Site "Minsk BLR"]
[Date "2014.07.19"]
[Round "4.9"]
[White "Terzi, Alexei"]
[Black "Smirnov, Valerij"]
[Result "1/2-1/2"]
[BlackTitle "IM"]
[WhiteElo "2120"]
[BlackElo "2324"]
[WhiteFideId "13505076"]
[BlackFideId "13500350"]
[EventDate "2014.07.16"]

1. e4 c5 2. Nf3 d6 3. Bb5+ Bd7 4. Bxd7+ Qxd7 5. O-O Nf6 6. Re1 Nc6 7. b3 e5 8.
Bb2 g6 9. d3 Bg7 10. c4 O-O 11. Nc3 Nd4 12. Nd2 a6 13. Na4 Qd8 14. Bxd4 cxd4 15.
b4 b5 16. Nb2 Rb8 17. cxb5 Rxb5 18. a3 d5 19. Qa4 Rb6 20. Nf3 Re6 21. Rac1 Qa8
22. Rc5 dxe4 23. Ng5 Rd6 24. Nc4 Rdd8 25. Nxe4 Nxe4 26. dxe4 d3 27. Qc6 Rd4 28.
Qxa8 Rxa8 29. f3 f5 30. Rd1 fxe4 31. fxe4 Rf8 32. Nxe5 Rxe4 33. Nf3 Bd4+ 34.
Nxd4 Rxd4 35. Rd2 Rd6 36. Rc3 Rfd8 37. Kf2 1/2-1/2

[Event "Minsk Open 2014"]
[Site "Minsk BLR"]
[Date "2014.07.19"]
[Round "4.10"]
[White "Mochalov, Evgeny V"]
[Black "Talma, Sergei"]
[Result "0-1"]
[WhiteTitle "IM"]
[WhiteElo "2423"]
[BlackElo "1982"]
[WhiteFideId "13500074"]
[BlackFideId "13511092"]
[EventDate "2014.07.16"]

1. d4 d5 2. c4 e6 3. Nf3 c6 4. e3 Bd6 5. b3 Nd7 6. Bb2 Ngf6 7. Nbd2 Qe7 8. Ne5
Ba3 9. Bxa3 Qxa3 10. Nxd7 Bxd7 11. c5 b6 12. Qc1 Qa5 13. Bd3 bxc5 14. Qxc5 Qxc5
15. dxc5 e5 16. O-O e4 17. Ba6 O-O 18. b4 Ne8 19. Nb3 Rb8 20. a3 Nc7 21. Be2 f5
22. Rab1 Ne6 23. h3 Rbc8 24. Rfd1 Rc7 25. Rd2 g5 26. Rbd1 a6 27. Na5 Bc8 28. Rc1
Kg7 29. a4 Rd8 30. Nb3 Rcd7 31. b5 axb5 32. axb5 cxb5 33. c6 Rc7 34. Bxb5 Kf6
35. Ra1 f4 36. Ra5 h5 37. Ba4 Ke5 38. Ra8 g4 39. h4 g3 40. exf4+ Nxf4 41. fxg3
Nd3 42. Bb5 Nb4 43. Nd4 Rf8 44. Ra3 Bg4 45. Rb3 Nd3 46. Nc2 Rb8 47. Ne3 Rxc6 48.
Bxc6 Rxb3 49. Bxd5 Rb1+ 50. Kh2 Kd4 51. Nxg4 hxg4 52. Be6 e3 53. Rxd3+ Kxd3 54.
Bxg4 e2 55. Bxe2+ Kxe2 56. Kh3 Ke3 57. Kg4 Ke4 58. h5 Ke5 59. Kg5 Ke6 60. Kg6
Rb4 61. h6 Rg4+ 62. Kh7 Kf7 63. Kh8 Kg6 0-1

[Event "Minsk Open 2014"]
[Site "Minsk BLR"]
[Date "2014.07.19"]
[Round "4.11"]
[White "Ponomarev, Dmitry"]
[Black "Davidchik, Alexandr"]
[Result "1-0"]
[WhiteTitle "IM"]
[WhiteElo "2416"]
[BlackElo "2045"]
[WhiteFideId "24112046"]
[BlackFideId "13506005"]
[EventDate "2014.07.16"]

1. d4 Nf6 2. c4 e6 3. g3 d5 4. Bg2 dxc4 5. Nf3 Be7 6. O-O O-O 7. Ne5 a6 8. Nc3
Ra7 9. a4 b6 10. Nxc4 c5 11. dxc5 Rd7 12. Qb3 Bxc5 13. Bg5 Bb7 14. Bxf6 Qxf6 15.
Nxb6 Rd4 16. Bxb7 Rb4 17. Qc2 Bxb6 18. Be4 g6 19. a5 Bd4 20. Ra3 Nd7 21. e3 Be5
22. Bc6 Nb8 23. Bg2 Rc8 24. Rd1 Rbc4 25. Qd3 Rb4 26. Qd2 Qe7 27. Ra2 Rbc4 28.
Rc1 Qc7 29. Ra3 Nc6 30. Bf1 Nxa5 31. Rca1 Bxc3 32. bxc3 Rc5 33. Qa2 Nc4 34. Rxa6
Qe5 35. Rc1 Nd6 36. c4 Nf5 37. Ra8 Qc7 38. Rxc8+ Qxc8 39. Rd1 Kg7 40. Qb2+ Kg8
41. Qf6 1-0

[Event "Minsk Open 2014"]
[Site "Minsk BLR"]
[Date "2014.07.19"]
[Round "4.12"]
[White "Novitzkij, Dmitrij"]
[Black "Kaliadzich, Maryia"]
[Result "1-0"]
[WhiteTitle "IM"]
[WhiteElo "2345"]
[BlackElo "1998"]
[WhiteFideId "13500619"]
[BlackFideId "13500015"]
[EventDate "2014.07.16"]

1. e4 c5 2. Nc3 Nc6 3. g3 e6 4. Bg2 Nge7 5. Nge2 g6 6. d4 cxd4 7. Nxd4 a6 8.
Nxc6 Nxc6 9. Bf4 d6 10. Qd2 h6 11. O-O-O e5 12. Be3 Be6 13. Nd5 Bxd5 14. exd5
Na5 15. b3 Bg7 16. f4 Qc7 17. fxe5 Bxe5 18. Bd4 Bxd4 19. Qxd4 O-O 20. Rd2 Rac8
21. Kb2 b5 22. h4 b4 23. Qxb4 Rb8 24. Qc3 Qb6 25. Qd4 Qb7 26. Bh3 Rfe8 27. Rf1
Re5 28. Rf6 Qe7 29. Rdf2 Re4 30. Rxf7 Qxf7 31. Qxe4 Nc4+ 32. Qxc4 Qxf2 33. Be6+
Kf8 34. Qc3 Rd8 35. Qh8+ Ke7 36. Qg7+ Ke8 37. Qxg6+ Ke7 38. Qg7+ Ke8 39. a4 a5
40. Qxh6 Qxg3 41. Qh5+ 1-0

[Event "Minsk Open 2014"]
[Site "Minsk BLR"]
[Date "2014.07.20"]
[Round "5.2"]
[White "Fedorov, Alexei"]
[Black "Nosenko, Alexander"]
[Result "0-1"]
[WhiteTitle "GM"]
[BlackTitle "GM"]
[WhiteElo "2569"]
[BlackElo "2508"]
[WhiteFideId "13500465"]
[BlackFideId "14100690"]
[EventDate "2014.07.16"]

1. e4 e6 2. d4 d5 3. Nc3 Bb4 4. e5 Ne7 5. a3 Bxc3+ 6. bxc3 c5 7. Nf3 Nbc6 8. Rb1
a6 9. Be2 Qa5 10. O-O Qxc3 11. Rb3 Qa5 12. dxc5 Ng6 13. Bd3 Qxc5 14. Re1 O-O 15.
a4 Qa5 16. Ba3 Rd8 17. h4 Nf4 18. Bf1 h6 19. h5 Nxh5 20. Bc1 Qxa4 21. Nh2 Nf4
22. Qg4 g5 23. g3 Qa5 24. Bxf4 Qxe1 25. Nf3 Qa1 26. Nxg5 hxg5 27. Bxg5 Qd4 28.
Bf4+ Kf8 29. Rf3 Nxe5 30. Bh6+ Ke8 31. Qg8+ Kd7 32. Rxf7+ Nxf7 33. Qxf7+ Kc6 34.
c4 b5 35. Be3 Qd1 36. Bf4 Bd7 37. cxd5+ exd5 38. Qf6+ Kb7 39. Be3 Bc6 0-1

[Event "Minsk Open 2014"]
[Site "Minsk BLR"]
[Date "2014.07.20"]
[Round "5.3"]
[White "Lintchevski, Daniil"]
[Black "Talma, Sergei"]
[Result "1-0"]
[WhiteTitle "GM"]
[WhiteElo "2553"]
[BlackElo "1982"]
[WhiteFideId "4171055"]
[BlackFideId "13511092"]
[EventDate "2014.07.16"]

1. Nf3 d5 2. g3 Nc6 3. d4 Bg4 4. Bg2 e6 5. O-O Be7 6. c4 Bf6 7. e3 h6 8. Nbd2
Nge7 9. h3 Bf5 10. Re1 O-O 11. a3 a5 12. b3 g5 13. Bb2 g4 14. hxg4 Bxg4 15. Qc1
Bg7 16. Bc3 Ng6 17. Qb2 Nce7 18. e4 c6 19. Nh2 f5 20. e5 Bh5 21. c5 b6 22. cxb6
Qxb6 23. b4 a4 24. Qc2 Nh8 25. f4 Nc8 26. Bb2 Rf7 27. Rac1 Ne7 28. Re3 Bf8 29.
Nhf3 Rg7 30. Ne1 Be8 31. Nd3 Neg6 32. Kf2 Qd8 33. Rh1 Rh7 34. Nf3 Nf7 35. Nc5
Bxc5 36. Qxc5 h5 37. Ke1 h4 38. Nxh4 Nxh4 39. gxh4 Rg7 40. Bf3 Nh6 41. Be2 Bd7
42. Qc3 Kh7 43. Rg3 Qe7 44. Rg5 Rag8 45. Bd1 Nf7 46. Bc1 Rg6 47. Kf2 Rh6 48.
Rxg8 Kxg8 49. Qg3+ Kh7 50. h5 Qf8 51. Bxa4 Kh8 52. Qh4 Be8 53. Bd1 Bd7 54. Rg1
Qd8 55. Qxd8+ Nxd8 56. a4 Bc8 57. Be2 Rh7 58. Bd2 Ra7 59. a5 Kh7 60. Ke3 Nf7 61.
Be1 Nh6 62. Kd2 Ra8 63. Bh4 Ra7 64. Bf6 Rf7 1-0

[Event "Minsk Open 2014"]
[Site "Minsk BLR"]
[Date "2014.07.20"]
[Round "5.4"]
[White "Stupak, Kirill"]
[Black "Meribanov, Vitaly"]
[Result "1/2-1/2"]
[WhiteTitle "GM"]
[BlackTitle "IM"]
[WhiteElo "2499"]
[BlackElo "2380"]
[WhiteFideId "13503758"]
[BlackFideId "13504363"]
[EventDate "2014.07.16"]

1. d4 Nf6 2. c4 e6 3. g3 Bb4+ 4. Nd2 O-O 5. Bg2 d5 6. cxd5 exd5 7. Nf3 Ne4 8.
O-O Nxd2 9. Nxd2 c6 10. a3 Be7 11. b4 a5 12. b5 cxb5 13. Qb3 Nc6 14. e3 b4 15.
Qxd5 Qxd5 16. Bxd5 a4 17. Bb2 Rd8 18. Be4 f5 19. Bd3 Be6 20. Rfc1 Na5 21. Bb5
Bd7 22. Bxd7 1/2-1/2